| 000 | 00743nam a2200265Ia 4500 | ||
|---|---|---|---|
| 003 | OSt | ||
| 005 | 20220918163415.0 | ||
| 006 | a|||||r|||| 00| 0 | ||
| 007 | ta | ||
| 008 | 220917b |||||||| |||| 00| 0 eng d | ||
| 020 | _a0 7100 7701 7 | ||
| 024 | _a21,756 | ||
| 037 | _cTextual | ||
| 040 |
_aARTS _cARTS _beng |
||
| 041 |
_2eng _aeng |
||
| 082 | _aO111,3M20:g, L4 | ||
| 100 |
_aAllott Mairiam _912990 |
||
| 245 | 0 |
_aBrontes _b the critical heritage |
|
| 260 |
_aLondon _bRoutledge & Kegan Paul UK _c1974 |
||
| 300 |
_axx,475p. _ccm. |
||
| 490 | _aCritical heritage series ed by B.C.Southam | ||
| 650 | _aENGLISH LITERATURE | ||
| 942 |
_hO111,3M20:g, L4 _cTEXL _2CC |
||
| 999 |
_c119401 _d119401 |
||